Normal view
MARC view
- العرب - العصر الاموي -تاريخ
Entry Topical Term
001 - CONTROL NUMBER
- control field: 41047
003 - CONTROL NUMBER IDENTIFIER
- control field: JO-AjAnu
005 - DATE AND TIME OF LATEST TRANSACTION
- control field: 20230606080822.0
008 - FIXED-LENGTH DATA ELEMENTS
- fixed length control field: 230606|| aca||aabn | a|a d
040 ## - CATALOGING SOURCE
- Original cataloging agency: JO-AjAnu
- Transcribing agency: JO-AjAnu
150 ## - HEADING--TOPICAL TERM
- Topical term or geographic name entry element: العرب - العصر الاموي -تاريخ
670 ## - SOURCE DATA FOUND
- Source citation: Work cat.: (JO-AjAnu)21036: تاليف حبوش، طاهر جليل, author 41046, اوائل العرب عبر العصور والحقب: العصر الاموي، الجزء الثالث